| 000 | 01126cad a22002895a 4500 | ||
|---|---|---|---|
| 001 | L157628 | ||
| 002 | 19888 | ||
| 008 | 130206s2014 xxk f 000 0 eng d | ||
| 020 | _a9781783210558 | ||
| 035 | _a(Sirsi) u157628 | ||
| 041 | 0 | _aeng | |
| 110 | 2 |
_aRoyal Institution of Chartered Surveyors _94900 |
|
| 245 | 0 | 0 |
_aTUPE _bInformation for property managers _h[electronic resource] |
| 250 | _a3rd ed | ||
| 260 |
_aLondon _bRICS _c2014 |
||
| 300 | _a18p | ||
| 490 | 0 | _aRICS Information Paper | |
| 520 | _aExplains the significance of the Transfer of Undertakings (Protection of Employment) Regulations 2006 (TUPE) for property managers. Includes worked examples and case studies. | ||
| 590 | _aKA | ||
| 650 | 2 | 4 | _aTUPE |
| 650 | 2 | 4 | _aTRANSFER OF UNDERTAKINGS (PROTECTION OF EMPLOYMENT) REGULATIONS 2006 |
| 651 | 4 |
_aUnited Kingdom _y |
|
| 690 |
_aCommercial property _96227 |
||
| 690 |
_aProperty management _96262 |
||
| 856 | 4 | 0 |
_uhttps://www.rics.org/Documents/TUPE_Information_property_managers_3rd_edition_PGguidance_2014.pdf _zView the guidance free of charge (member-only content) at www.rics.org |
| 942 | _n0 | ||
| 999 |
_c114880 _d114880 |
||